Chispazos de sol (Record no. 47853)
[ view plain ]
| 000 -LEADER | |
|---|---|
| campo de control de longitud fija | 00540nam a2200169 i 4500 |
| 001 - NÚMERO DE CONTROL | |
| campo de control | 47853 |
| 003 - IDENTIFICADOR DE NÚMERO DE CONTROL | |
| campo de control | ES-MaACL |
| 005 - FECHA Y HORA DE LA ÚLTIMA TRANSACCIÓN | |
| campo de control | 20230906161639.0 |
| 007 - CAMPO FIJO DE DESCRIPCIÓN FÍSICA--INFORMACIÓN GENERAL | |
| campo de control de longitud fija | t| |
| 008 - DATOS DE LONGITUD FIJA--INFORMACIÓN GENERAL | |
| campo de control de longitud fija | 030612s1917 ag ||||1| spa d |
| 245 00 - MENCIÓN DEL TÍTULO | |
| Título | Chispazos de sol |
| Resto del título | : crestomatía poética / |
| Mención de responsabilidad, etc. | hecha por Alemany Villa. |
| 250 ## - MENCION DE EDICION | |
| Mención de edición | 2ª ed. (económica). |
| 260 ## - PUBLICACIÓN, DISTRIBUCIÓN, ETC. | |
| Lugar de publicación, distribución, etc. | Buenos Aires : |
| Nombre del editor, distribuidor, etc. | Librería Científica y Literaria "El Ateneo", |
| Fecha de publicación, distribución, etc. | [1917?] |
| 300 ## - DESCRIPCIÓN FÍSICA | |
| Extensión | 341 p. ; |
| Dimensiones | 21 cm. |
| 700 1# - ENTRADA AGREGADA--NOMBRE PERSONAL | |
| Nombre de persona | Alemany Villa. |
| 9 (RLIN) | 19737 |
| 852 ## - LOCALIZACIÓN | |
| Ubicación | ES-MaACL |
| Número de control de estantería | D-809 |
| condición física | . - Ded.autógr. del autor |
| Estatus retirado | Estado de pérdida | Estado de daño | No para préstamo | Biblioteca de origen | Biblioteca actual | Ubicación en estantería | Fecha de adquisición | Fuente de adquisición | Total de préstamos | Signatura topográfica completa | Código de barras | Visto por última vez | Precio de reemplazo | Tipo de ítem Koha |
|---|---|---|---|---|---|---|---|---|---|---|---|---|---|---|
| Biblioteca del Ateneo de Madrid | Biblioteca del Ateneo de Madrid | Sala Valle Inclán | 17/01/2008 | D-809 | 901050357 | 23/02/2023 | 23/02/2023 | Libro impreso |
